| 000 | 00318nam a22001097a 4500 | ||
|---|---|---|---|
| 082 | _a620.112 BRO'S | ||
| 100 |
_aBROOKS, W.H _940820 |
||
| 245 | _aSTRENGTH AND ELASTICITY OF MATERIALS SOLUTIONS TO EXAMINATION QUESTIONS OF THE UNIVERSITY OF LONDON | ||
| 260 |
_aLONDON _bMACDONALD _c1963 |
||
| 300 | _a317P | ||
| 942 | _cBK | ||
| 999 |
_c585531 _d585531 |
||